banner-ar

نظرية اقتصاديات الوحدة, نظريات واسئلة / (Record no. 31315)

MARC details
000 -الفاتح
حقل البيانات ثابتة الطول 00782nam a2200229Ia 4500
008 - عناصر البيانات ثابتة الطول - معلومات عامة
حقل البيانات ثابتة الطول 140319s9999 xx 000 0 ara d
040 ## - مصدر الفهرسة
وكالة الفهرسة الأصلية GCL /
وكالة النسخ GCL
082 04 - رقم تصنيف ديوى العشرى
رقم التصنيف 332
رقم المادة د س
100 1# - المدخل الرئيسى - إسم شخصى
الإسم الشخصى سعدالدين محمد الشيال
245 10 - بيان العنوان
العنوان نظرية اقتصاديات الوحدة, نظريات واسئلة /
بيان المسئوليه,etc سعدالدين محمد الشيال
700 1# - المدخل الاضافى - اسم شخصى
الإسم الشخصى نزية احمد ضيف
700 1# - المدخل الاضافى - اسم شخصى
الإسم الشخصى سلفاتور دوميتيك
260 ## - PUBLICATION, DISTRIBUTION, ETC. (IMPRINT)
تاريخ النشر أو التوزيع 1983
300 ## - الوصف المادى
التعداد 368 ص
490 ## - بيان السلسلة
عنوان السلسلة سلسلة ملخصات شوم
رقم المجلد/ التعيين التسلسلي 0
650 04 - المدخل الاضافى بالموضوع-مصطلح موضوعى
مصطلح موضوعي الاقتصاد
650 04 - المدخل الاضافى بالموضوع-مصطلح موضوعى
مصطلح موضوعي الاحوال الاقتصادية
650 04 - المدخل الاضافى بالموضوع-مصطلح موضوعى
مصطلح موضوعي النظم الاقتصادية
650 04 - المدخل الاضافى بالموضوع-مصطلح موضوعى
مصطلح موضوعي نظريات
942 ## - عناصر المدخل الإضافي( كوها)
مصدر التصنيف او مخطط الترفيف Dewey Decimal Classification
Koha [default] item type كتاب
260 ## - PUBLICATION, DISTRIBUTION, ETC. (IMPRINT)
-- [S.N] :
-- دار ماكجروهيل للنشر ،
Holdings
حالة التراجع حالة الفقد حالة تلف ليس للاعارة المكان المؤقت الموقع الحالى تاريخ الاكتساب اجمالي اﻻعارات رقم الطلب الباركود تاريخ اخر مشاهدة تاريخ تفعيل السعر نوع وعاء كوها
        مكتبة القاهرة الكبرى مكتبة القاهرة الكبرى 03/26/2014   332\د س 73179 03/26/2014 03/26/2014 كتاب
        مكتبة القاهرة الكبرى مكتبة القاهرة الكبرى 03/26/2014   332\د س 73180 03/26/2014 03/26/2014 كتاب

Powered By

EGPV